Sanat - "Ahvenanmaa" - Suvi Teräsniska - Statistics

Yleistilastot
  • Tätä visaa on pelattu 4 kertaa
  • Keskiarvotulos 121 / 184
Vastaustilastot
Vastaus % Oikein
Ahvenanmaa
100%
aseet
100%
ja
100%
ku
100%
100%
niin
100%
olla
100%
on
100%
rakastaa
100%
riisua
100%
vaan
100%
Voidaanko
100%
voidaanko
100%
ei
67%
hei
67%
heilutan
67%
lakanaa
67%
me
67%
mut
67%
ne
67%
sun
67%
valkoista
67%
vastarannalla
67%
Vastarannalla
67%
aina
33%
eri
33%
haluun
33%
jos
33%
kaks
33%
kaksi
33%
kasvot
33%
kaulaan
33%
keittiössä
33%
kun
33%
lentää
33%
löytää
33%
Meidän
33%
miks
33%
mun
33%
oo
33%
pienii
33%
pöytää
33%
puolilla
33%
satamaan
33%
soturii
33%
tääl
33%
taistellaan
33%
tottunu
33%
upottaa
33%
vaik
33%
valkeaa
33%
varo
33%
vihollisiikaan
33%
itsepäistä
0%
käden
0%
kaikki
0%
kaikkii
0%
kypäriin
0%
luottaa
0%
mist
0%
mitä
0%
muita
0%
myrskyssäkin
0%
niinku
0%
oikeesti
0%
ojentaa
0%
piikkejä
0%
puolella
0%
sovitaan
0%
syliin
0%
täällä
0%
tarttuvan
0%
tulis
0%
tuu
0%
vastaan
0%
voinko
0%
yhdessä
0%
Ehtoja vastaavia visoja ei löytynyt
Tulosjakauma
Jokaisen tuloksen saaneiden osuus
Persentiili vastausten määrän mukaan
Tuloshistoriasi
Et ole pelannut tätä visaa